| 000 | 00751 a2200205 4500 | ||
|---|---|---|---|
| 020 | _a0387254811 | ||
| 020 | _a0387270973 | ||
| 040 | _aDLC | ||
| 082 | 0 | 0 | _a621.382 |
| 100 | 1 | _aAlencar, Marcelo S., | |
| 245 | 1 | 0 |
_aCommunication systems _cMarcelo S. Alencar, Valdemar C. da Rocha, Jr. |
| 260 |
_aNew York : _bSpringer, _cc2005. |
||
| 300 |
_axii, 416 p. : _bill. ; _c24 cm. |
||
| 650 | 0 |
_aSignal processing _xDigital techniques. |
|
| 650 | 0 | _aDigital communications. | |
| 700 | 1 |
_aRocha, Valdemar C. da, _d1947- |
|
| 856 | 4 | 2 |
_3Publisher description _uhttp://www.loc.gov/catdir/enhancements/fy0663/2005049937-d.html |
| 856 | 4 | 2 |
_3Table of contents only _uhttp://www.loc.gov/catdir/enhancements/fy0823/2005049937-t.html |
| 942 |
_cBK _k621.382 ALE _2ddc |
||
| 999 |
_c8107 _d8107 |
||